书目信息 |
| 题名: |
北宋政治改革家王安石
|
|
| 作者: | 邓广铭 著 | |
| 分册: | ||
| 出版信息: | 北京 生活·读书·新知三联书店 2007.03 |
|
| 页数: | 12, 308页 | |
| 开本: | 22cm | |
| 丛书名: | 邓广铭宋史人物书系 | |
| 单 册: | ||
| 中图分类: | B244.55 | |
| 科图分类: | ||
| 主题词: | ||
| 电子资源: | ||
| ISBN: | 978-7-108-02648-4 | |
| 000 | 00950nam 2200253 450 | |
| 001 | 012008676604 | |
| 005 | 20080419172601.51 | |
| 010 | @a978-7-108-02648-4@dCNY21.00 | |
| 100 | @a20080419d2007 em y0chiy0120 ea | |
| 101 | 0 | @achi |
| 102 | @aCN@b110000 | |
| 105 | @ac z 000yd | |
| 106 | @ar | |
| 200 | 1 | @a北宋政治改革家王安石@Abei song zheng zhi gai ge jia wang an shi@f邓广铭著@Fdeng guang ming zhu |
| 210 | @a北京@c生活·读书·新知三联书店@d2007.03 | |
| 215 | @a12, 308页@c肖像@d22cm | |
| 225 | 2 | @a邓广铭宋史人物书系@Adeng guang ming song shi ren wu shu xi |
| 330 | @a本书铺展出颇具特色的熙宁变法改制图景,凸显出一个抖落掉污染、误解和扭曲的政治改革家形象,使王安石以其本来的风度和丰采,再现于读者面前。 | |
| 410 | 0 | @12001 @a邓广铭宋史人物书系 |
| 600 | 0 | @a王安石,@Awang an shi@f1021-1086@x传记 |
| 690 | @aB244.55@v4 | |
| 701 | 0 | @a邓广铭@Adeng guang ming@4著 |
| 801 | 0 | @aCN@bQSSK@c20080419 |
| 905 | @b295114-16@dB244.55@eD284@f3 | |
| 北宋政治改革家王安石/邓广铭著.-北京:生活·读书·新知三联书店,2007.03 |
| 12, 308页:肖像;22cm.-(邓广铭宋史人物书系) |
| ISBN 978-7-108-02648-4:CNY21.00 |
| 本书铺展出颇具特色的熙宁变法改制图景,凸显出一个抖落掉污染、误解和扭曲的政治改革家形象,使王安石以其本来的风度和丰采,再现于读者面前。 |
| ● |
| 相关链接 |
|
|
|
正题名:北宋政治改革家王安石
索取号:B244.55/D284
 
预约/预借
| 序号 | 登录号 | 条形码 | 馆藏地/架位号 | 状态 | 备注 |
| 1 | 295114 | 202951145 | 社科库509/509社科库 14排4列2层/ [索取号:B244.55/D284] | 在馆 | |
| 2 | 295115 | 202951154 | 社科库509/509社科库 14排4列2层/ [索取号:B244.55/D284] | 在馆 | |
| 3 | 295116 | 202951163 | 社科库509/509社科库 14排4列2层/ [索取号:B244.55/D284] | 在馆 |